000 00527nam a2200193 a 4500
001 BRCA_8149
005 20190320210143.0
008 300414m19571960ne-a###f##---#001-0#eng-#
041 _aeng
044 _ane
050 4 _aN8640
_b.A78
_c1957-1960
245 1 0 _aArt and Auctions
_cInternational Art Dealers and Collectors Guide.
260 _aRotterdam
_bVan Kouteren
_c1957-1960
300 _a7 v.
_bil. (algunas a color)
_c25 cm.
500 _aX31
650 1 4 _aSubastas
_vCatálogos
_920307
902 _aGFM
942 _2lcc
_cB
999 _c7817
_d7817